000 00672nam a22002177a 4500
008 240526b mp ||||| |||| 00| 0 mon d
020 _a978-99962-3-638-9
035 _a19337
040 _aДорноговь аймгийн нийтийн номын сан
_bmon
_cMN-UlNLM
_dMN-UlNLM
_erda
041 _amon
042 _a46151
084 _2НСНЗА
_a84.8/4Англи/
_bБ-254
100 _aБуртон Ж.
245 0 _aҮлэг гүрвэл
264 _aУлаанбаатар
_bМон судар
_c2015
300 _a8х.
336 _2rdacontent
_atext
_btxt
337 _2rdamedia
_aunmediated
_bn
338 _2rdacarrier
_avolume
_bnc
942 _2NNA
_cBK
999 _c729846
_d729903